[Event "Hradec Kralove Region-chT 0506"]
[Site "Czech Republic"]
[Date "2005.12.11"]
[Round "4.3"]
[White "Velecky, Viktor"]
[Black "Stolc, Martin"]
[Result "1-0"]
[WhiteElo "2146"]
[BlackElo "2009"]
[PlyCount "107"]
[EventDate "2005.10.23"]
[EventType "team-tourn"]
[EventRounds "11"]
[EventCountry "CZE"]
[SourceTitle "EXT 2024"]
[Source "ChessBase"]
[SourceDate "2023.10.10"]
[SourceVersion "1"]
[SourceVersionDate "2023.10.10"]
[SourceQuality "1"]
[WhiteTeam "Nachod Sokol"]
[BlackTeam "Jicin"]
[WhiteTeamCountry "CZE"]
[BlackTeamCountry "CZE"]

1. d4 d6 2. g3 e5 3. Bg2 exd4 4. Qxd4 Qf6 5. Qd2 c6 6. c4 Be6 7. Qb4 Qe7 8. b3 d5 9. Qxe7+ Nxe7 10. Nd2 dxc4 11. Nxc4 Bxc4 12. bxc4 Nd7 13. Rb1 0-0-0 14. Be3 a6 15. Nf3 Nf5 16. Bf4 f6 17. Bh3 Ne7 18. 0-0 g5 19. Bd2 h5 20. Be6 Kc7 21. h4 Nc5 22. Ba5+ Kb8 23. Bxd8 Nxe6 24. Rfd1 Kc8 25. Ba5 Nf5 26. hxg5 Bc5 27. Kg2 fxg5 28. Bb6 g4 29. Ne5 Rh7 30. Bxc5 Nxc5 31. Ng6 Ne4 32. Rb3 Rh6 33. Nh4 Nfd6 34. Rd4 Rf6 35. f3 Nc5 36. Re3 gxf3+ 37. exf3 Kc7 38. Re7+ Kb6 39. f4 a5 40. Re5 a4 41. Rxh5 a3 42. Kf3 Na4 43. g4 c5 44. g5 Re6 45. Rd3 Nxc4 46. Rh6 Rxh6 47. gxh6 Ncb2 48. Rxa3 c4 49. h7 c3 50. h8Q c2 51. Qd4+ Kc7 52. Nf5 b5 53. Qd6+ Kb7 54. Re3 1-0

[Event "CZE-chT2c 0506"]
[Site "Czech Republic"]
[Date "2005.10.16"]
[Round "1.4"]
[White "Velecky, Viktor"]
[Black "Bernard, Borek"]
[Result "0-1"]
[WhiteElo "2146"]
[BlackElo "2272"]
[PlyCount "58"]
[EventDate "2005.10.16"]
[EventType "team"]
[EventRounds "11"]
[EventCountry "CZE"]
[SourceTitle "EXT 2009"]
[Source "ChessBase"]
[SourceDate "2008.11.26"]
[SourceVersion "1"]
[SourceVersionDate "2008.11.26"]
[SourceQuality "1"]
[WhiteTeam "Nachod"]
[BlackTeam "AVE Kontakt"]
[WhiteTeamCountry "CZE"]
[BlackTeamCountry "CZE"]

1. c4 Nf6 2. Nc3 e6 3. d4 Bb4 4. a3 Bxc3+ 5. bxc3 c5 6. e3 0-0 7. Bd3 Nc6 8. f4 d6 9. g4 e5 10. g5 Nd7 11. Ne2 f5 12. gxf6 Nxf6 13. 0-0 e4 14. Bc2 Bh3 15. Rf2 Ng4 16. Bxe4 Nxf2 17. Kxf2 Qh4+ 18. Kg1 Qg4+ 19. Kf2 Qh4+ 20. Kg1 Rae8 21. Bd5+ Kh8 22. Bd2 Ne7 23. Bf3 Be6 24. d5 Bg4 25. Ng3 Bxf3 26. Qxf3 Ng6 27. Rb1 Rf7 28. Ne4 Qe7 29. Ng5 Qxg5+ 0-1

[Event "Nachod op 0405"]
[Site "Nachod"]
[Date "2005.??.??"]
[Round "9"]
[White "Velecky, Viktor"]
[Black "Novotny, Josef"]
[Result "0-1"]
[WhiteElo "2140"]
[BlackElo "2180"]
[PlyCount "150"]
[EventDate "2004.12.??"]
[EventType "swiss"]
[EventRounds "9"]
[EventCountry "CZE"]
[SourceTitle "EXT 2007"]
[Source "ChessBase"]
[SourceDate "2006.11.23"]
[SourceVersion "1"]
[SourceVersionDate "2006.11.23"]
[SourceQuality "1"]

1. c4 e6 2. g3 d6 3. Bg2 Nf6 4. Nc3 c6 5. d4 Nbd7 6. e4 Qc7 7. f4 e5 8. Nf3 a6 9. 0-0 b6 10. b3 Bb7 11. Bb2 0-0-0 12. fxe5 dxe5 13. d5 Bc5+ 14. Kh1 Ng4 15. Qe2 Ndf6 16. Na4 Bd6 17. Rac1 c5 18. a3 h5 19. h3 Kb8 20. hxg4 hxg4+ 21. Nh2 Rh6 22. Kg1 Bc8 23. Rf2 Rdh8 24. Nf1 Qd8 25. Rc2 R8h7 26. Ne3 Qh8 27. Rxf6 gxf6 28. Nxb6 Bb7 29. b4 Ka7 30. Na4 Rh1+ 31. Kf2 R7h2 32. Nxc5 Bf8 33. Qxg4 Bh6 34. Nf1 Bc8 35. Qf3 Bg5 36. Re2 Bh3 37. Ke1 Rxf1+ 38. Kxf1 Rh1+ 39. Kf2 Bxg2 40. Qxg2 Rh2 41. Kg1 Rxg2+ 42. Kxg2 Qh5 43. Rf2 Be3 44. Rf3 Bxc5 45. bxc5 Qg4 46. Re3 Qd1 47. Bc3 Qc1 48. Kf2 Qc2+ 49. Ke1 Qb1+ 50. Ke2 Qa2+ 51. Kd3 Qb1+ 52. Ke2 Qa2+ 53. Bd2 Qxc4+ 54. Kd1 Qxc5 55. Rd3 Qc4 56. Rc3 Qxe4 57. Rc7+ Kb6 58. Rxf7 Qxd5 59. Rxf6+ Kb5 60. g4 Kc4 61. Ke2 Qd3+ 62. Ke1 Qxa3 63. g5 e4 64. Rc6+ Kd5 65. Rc3 Qa1+ 66. Ke2 Qh1 67. Ra3 Qg2+ 68. Ke1 Qg1+ 69. Ke2 Qb6 70. Rg3 Qd6 71. Rg2 Kc4 72. g6 Qd3+ 73. Ke1 e3 74. Bxe3 Qxe3+ 75. Kf1 Qd3+ 0-1